000 00296nam a22001337a 4500
008 170713b xxu||||| |||| 00| 0 eng d
020 _a09613692
041 _aeng
080 _a038
100 _a23
101 _aFJA
245 _aDICTIONARY OF CLINICAL RESEARCH
_cWINSLADE,J
942 _2udc
_cBK
999 _c20455
_d20455